Intolleranza 1960 : poznámky k hudobnému divadlu súčasnosti

Bibliographic Details
Main Author: Nono, Luigi, 1924-1990 (Author)
Other Authors: Pažitka, Mikuláš, 1918-2004 (Translator)
Format: Article
Language:Slovak

MARC

LEADER 00000nab a2200000uu 4500
001 vtls010884403
003 SK-MaSNL
005 20260303145120.0
008 230222|1964 xo |||||||||||||||||slo|
015 |a SNBRB 
035 |a (urnnbn)urn:nbn:sk:snk:ar-002aou 
035 |a (uuid)b456d83a-e680-41cb-9351-fd3c641b6199 
035 |a urn:nbn:sk:snk-ab8fp6 
040 |a SNKBUCL  |b slo  |c SNKBUCL  |e AACR2 
041 0 |a slo 
044 |a xo  |c SK 
100 1 |a Nono, Luigi,  |d 1924-1990  |4 aut  |9 1166723 
245 1 0 |a Intolleranza 1960 :  |b poznámky k hudobnému divadlu súčasnosti  |c Luigi Nono, Mikuláš Pažitka 
700 1 |a Pažitka, Mikuláš,  |d 1918-2004  |4 trl  |9 113522 
773 0 |t Slovenská hudba : revue pre hudobnú kultúru  |g Roč. 8, č. 7 (1964), s. [194]-200 
954 |a odborná, vedecká literatúra pôvodná (slovenská)  |2 lita 
958 |a OND 
958 |a EUIPO 
958 |a article10 
999 |c 2000571  |d 2002501